000 00841nam a2200205 i 4500
001 49144
003 ES-MaACL
005 20230906161909.0
007 t|
008 030708s1967 sp a |||| | mul d
080 _a791.862
245 0 0 _aCorrida de toros :
_bdesarrollo y film de una corrida de toros, toreo a caballo, cuadro sinóptico de una corrida = Développement et film d'une course, toreo à cheval, tableau synoptique d'une course.
246 3 _aDéveloppement et film d'une course, toreo à cheval, tableau synoptique d'une course
260 _aBarcelona :
_b[s.n.,
_c1967] (
_fLaminograf)
300 _a60 p. :
_bil. col. y n. ;
_c22 cm.
546 _aTexto en español, francés, inglés y alemán.
594 _a"Plaza de Toros de Palma de Mallorca"
650 4 _aCorridas de toros.
_911370
852 4 _aES-MaACL
_jC-31859
999 _c49144
_d49144